000 00346nam a2200121Ia 4500
005 20251222144913.0
008 251222s9999||||xx |||||||||||||| ||spa||
020 _a92- 3 - 102577- 5
082 _a005.74/U57
245 0 _aUnesco idams software. Idams user manual for micro and mainframe computers (release 3.0)
250 _a3a.ed.
942 _cLIB
999 _c22405
_d22405